Idola Fori. (Registro nro. 323343)
[ vista simple ]
| 000 -ENCABEZADO | |
|---|---|
| Número de control [NR] | 02070nam a2200289Ia 4500 |
| 005 - FECHA Y HORA DE LA ÚLTIMA TRANSACCIÓN | |
| control field | 20240117085806.0 |
| 008 - DE LONGITUD FIJA DE DATOS DE ELEMENTOS - INFORMACIÓN GENERAL | |
| Elementos de longitud fija [NR] | 130821s1935 ck fr dspa |
| 040 ## - FUENTE DE CATALOGACION [NR] | |
| Agencia de catalogación original [NR] | Co-BoUCM |
| Idioma de catalogación [NR] | spa |
| Quien Cataloga | Sandra Yazo |
| Quien Clasifica | Sandra Yazo |
| 041 00 - CODIGO DE IDIOMA [R] | |
| Código de idioma para texto/pista de sonido o título separado [R] | Español |
| 082 04 - NUMERO DE CLASIFICACION DECIMAL DEWEY [R] | |
| Número de clasificación [R] | 320.1 |
| Número de la edición [NR] | 20 |
| 092 ## - SIGNATURA TOPOGRAFICA LOCAL | |
| Número de clasificación local | E52N043 |
| 100 1# - ASIENTO PRINCIPAL--NOMBRE PERSONAL [NR] | |
| Nombre personal [NR] | Torres, Carlos Arturo |
| Fechas asociadas con el nombre [NR] | 1867-1911 |
| ID Autoridad | 75873 |
| 245 10 - MENCION DE TITULO [NR] | |
| Título [NR] | Idola Fori. |
| Mención de responsabilidad, etc. [NR] | por Carlos Arturo Torres. |
| 260 ## - PUBLICACION, DISTRIBUCION, ETC. (PIE DE IMPRENTA) [R] | |
| Lugar de publicación, distribución, etc. [R] | Bogotá (Colombia) |
| Nombre del editor, distribuidor, etc. [R] | Editorial Minerva S. A |
| Fecha de publicación, distribución, etc. [R] | 1935 |
| 300 ## - DESCRIPCION FISICA [R] | |
| Extensión [R] | 207, [1] páginas |
| Dimensiones [R] | 18 x 14 cm. |
| 490 #0 - MENCION DE SERIE [R] | |
| Mención de serie [R] | Biblioteca Aldeana de Colombia |
| Designación numérica/secuencial del volumen [NR] | 9 |
| 500 ## - NOTA GENERAL [R] | |
| Nota general [NR] | Detalles físicos: Sin encuadernación original. Actualmente: Encuadernación rígida (holandesa) en cartón forrado en papel jaspeado en tono azul. Lomo de tela, con letras y líneas decorativas en dorado. Cortes decorados (jaspeado azul). Guardas. Hoja de cortesía. Portada impresa en una sola tinta. Grabado con el emblema de la Colección. Texto impreso en una sola columna, con diferentes tipos y tamaños de letra. Notas de pie de página. Papel oxidado en bordes de las hojas. En la encuadernación (lomo) se indica una numeración (9). Colección Aldeana de Colombia es una selección de Samper Ortega de Literatura Colombiana. |
| 505 0# - NOTA DE CONTENIDO CON FORMATO PREESTABLECIDO [R] | |
| Nota de contenido con formato preestablecido [NR] | Carlos Arturo Torres / Manuel Antonio Bonilla ; Idola Fori: Prólogo / Jorge Enrique Rodo ; Capítulos I al X: Los ídolos del Foro ; Evolución y unidad mental ; Rotación de las ideas – Concepto científico ; - Concepto histórico – Concepto político ; Las supersticiones democráticas ; Las supersticiones aristocráticas ; Corrientes filosóficas en la América Latina ; Corrientes políticas en la América Española ; Hacia el futuro |
| 506 ## - NOTA DE RESTRICCIONES DE ACCESO [R] | |
| Condiciones de acceso [NR] | Consulta en sala |
| 650 #7 - ASIENTO SECUNDARIO DE MATERIA - TERMINO TEMATICO [R] | |
| Término temático o nombre geográfico como elemento de entrada [NR] | Filosofía de la historia |
| Subdivisión de forma [R] | Ensayos, conferencias, etc. |
| 9 (RLIN) | 102524 |
| 650 #7 - ASIENTO SECUNDARIO DE MATERIA - TERMINO TEMATICO [R] | |
| Término temático o nombre geográfico como elemento de entrada [NR] | Filosofía política |
| Subdivisión de forma [R] | Ensayos, conferencias, etc. |
| 9 (RLIN) | 49106 |
| 650 #7 - ASIENTO SECUNDARIO DE MATERIA - TERMINO TEMATICO [R] | |
| Término temático o nombre geográfico como elemento de entrada [NR] | Teoría política |
| Subdivisión de forma [R] | Ensayos, conferencias, etc. |
| 9 (RLIN) | 25330 |
| 650 #7 - ASIENTO SECUNDARIO DE MATERIA - TERMINO TEMATICO [R] | |
| Término temático o nombre geográfico como elemento de entrada [NR] | Positivismo |
| 9 (RLIN) | 22107 |
| 650 #7 - ASIENTO SECUNDARIO DE MATERIA - TERMINO TEMATICO [R] | |
| Término temático o nombre geográfico como elemento de entrada [NR] | Derecho |
| 9 (RLIN) | 7494 |
| 690 ## - ASUNTO AGREGADO LOCAL DE ENTRADA - TÉRMINO TEMÁTICO (OCLC, RLIN) | |
| Acceso temático local | Ciencia política |
| 9 (RLIN) | 340 |
| 942 ## - ELEMENTOS DE ENTRADA AGREGADOS (KOHA) | |
| Tipo de ítem principal el descrito en 300a | Libro |
| Tema principal | 6 |
| Edición | 1 |
| Sistema de clasificación | LOCAL |
| Clasificación | E52N043 |
| Suprimido | Perdido | Sistema de clasificación | Dañado | No prestable | Tipo de ítem específico | Ubicación habitual | Ubicación actual | Localización | Fecha de creación | Forma de adquisición | Costo | Total préstamos | Signatura topográfica | Código de barras | Última vez visto | Ejemplar | Price effective from | Tipo de ítem |
|---|---|---|---|---|---|---|---|---|---|---|---|---|---|---|---|---|---|---|
| LOCAL | Libro archivo | Archivo Histórico | Archivo Histórico | Archivo histórico | 29/11/2023 | Donación | 0.00 | E52N043 | L006876 | 29/11/2023 | Ej.1 | 29/11/2023 | Libro |